| 000 | 00390nam a22001697a 4500 | ||
|---|---|---|---|
| 005 | 20160629170744.0 | ||
| 008 | 160629b xxu||||| |||| 00| 0 eng d | ||
| 020 | _a0-521-54771-7 | ||
| 041 | _aeng | ||
| 082 | _b10871 | ||
| 100 |
_aHancock Mark _93245 |
||
| 245 | _aEnglish Pronunciation in use | ||
| 260 |
_bCombridge _c2006 |
||
| 300 | _a199 | ||
| 650 |
_aManagement _9241 |
||
| 942 | _cBK | ||
| 999 |
_c4779 _d4777 |
||